Capital expenditures of domestic and foreign controlled establishments in manufacturing, mining and forestry / (Record no. 15420)

000 -LEADER
fixed length control field 00848cas a2200241 a 4500
022 0# - INTERNATIONAL STANDARD SERIAL NUMBER
ISSN 0226-403X
040 ## - CATALOGING SOURCE
Transcribing agency NLC
082 04 - DEWEY DECIMAL CLASSIFICATION NUMBER
Classification number 332 STA 1980 A076 Or.
245 00 - TITLE STATEMENT
Title Capital expenditures of domestic and foreign controlled establishments in manufacturing, mining and forestry /
246 11 - VARYING FORM OF TITLE
Title proper/short title Immobilisations des établissements manufacturiers, miniers et forestiers sous contrôle national et étranger
260 ## - PUBLICATION, DISTRIBUTION, ETC. (IMPRINT)
Place of publication Ottawa :
Name of publisher Statistics Canada = Statistique Canada,
Year of publication 1980-1987.
300 ## - PHYSICAL DESCRIPTION
Number of Pages 8 volumes ;
Dimensions 28 cm
650 #0 - SUBJECT ADDED ENTRY--TOPICAL TERM
Topical Term Capital investments
650 #0 - SUBJECT ADDED ENTRY--TOPICAL TERM
Topical Term Investments, Foreign
650 #7 - SUBJECT ADDED ENTRY--TOPICAL TERM
Topical Term Capital investments.
650 #7 - SUBJECT ADDED ENTRY--TOPICAL TERM
Topical Term Investments, Foreign.
710 2# - ADDED ENTRY--CORPORATE NAME
Corporate name or jurisdiction name as entry element Statistics Canada.
710 2# - ADDED ENTRY--CORPORATE NAME
Corporate name or jurisdiction name as entry element Statistics Canada.
710 2# - ADDED ENTRY--CORPORATE NAME
Corporate name or jurisdiction name as entry element Statistics Canada.
710 2# - ADDED ENTRY--CORPORATE NAME
Corporate name or jurisdiction name as entry element Statistics Canada.
710 2# - ADDED ENTRY--CORPORATE NAME
Corporate name or jurisdiction name as entry element Statistics Canada.
942 ## - ADDED ENTRY ELEMENTS (KOHA)
Koha item type សៀវភៅភាសាអង់គ្លេស
952 ## - LOCATION AND ITEM INFORMATION (KOHA)
Withdrawn status [LOCAL, KOHA] 0
Holdings
Permanent Location Date acquired Koha item type Lost status Shelving location Barcode Current Location Full call number
Library Block A2017-11-21សៀវភៅភាសាអង់គ្លេស A076A07265Library Block A332 STA 1980 A076 Or.
មជ្ឈមណ្ឌលឯការនៃសាកលវិទ្យាល័យភូមិន្ទកសិកម្មចំការដូង

Powered by Koha